| 000 | 00826cam a22002655a 4500 | ||
|---|---|---|---|
| 001 | 17940250 | ||
| 005 | 20201128021350.0 | ||
| 008 | 131113s2014 inua fr 001 0 eng d | ||
| 020 | _a9780789752338 (paperback) | ||
| 020 | _a0789752336 | ||
| 040 |
_aDLC _beng _cDLC _dEG-ScBUE |
||
| 082 | 0 | 4 |
_a004.16 _bMIL _222 |
| 100 | 1 |
_aMiller, Michael, _d1958- _92952 |
|
| 245 | 1 | 0 |
_aComputer basics : _babsolute beginner's guide : Windows 8.1 / _cMichael Miller. |
| 250 | _a7th. ed. | ||
| 260 |
_aIndiana : _bPearson Education Inc., _cc.2014. |
||
| 300 |
_axix, 438 p. : _bill. ; _c23 cm. |
||
| 500 | _aIndex : p. 417-438. | ||
| 650 | 0 |
_aComputers. _2BUEsh |
|
| 650 | 0 |
_aComputer science. _2BUEsh |
|
| 650 | 0 |
_aMicrosoft Windows (Computer file) _2BUEsh |
|
| 651 | _2BUEsh | ||
| 653 |
_bCOMSCI _cJune2015 _cOctober2015 |
||
| 942 | _2ddc | ||
| 999 |
_c19966 _d19938 |
||